| 000 | 00841nas a2200253 4500 | ||
|---|---|---|---|
| 001 | BR9802754 | ||
| 003 | BR-BrBNA | ||
| 005 | 20231205100805.0 | ||
| 007 | ta | ||
| 008 | 230509b bl.|||p| |||| 00| 00por d | ||
| 040 |
_aBR-BrBNA _bpor _cBiblioteca Nacional de Agricultura |
||
| 041 | _a(Pt) | ||
| 072 | _aQ80 | ||
| 100 | 1 | _aGermer, S.P.M. | |
| 100 | 1 | _aMoura, S.C.S.R. de | |
| 245 | 1 | _aAvaliacao da influencia do sensor remoto Datatrace Micropack na penetracao de calor de produtos embalados em lata de 1/2KG | |
| 650 | _aTecnologia de Alimento | ||
| 650 | _aEmbalagem | ||
| 650 | _aLata de Conserva | ||
| 650 | _aCalor | ||
| 773 | 0 |
_tColetanea do Instituto de Tecnologia de Alimentos (Brazil) _xISSN 0100-350X _g(Jul-Dec 1996), v. 26(2) p. 161-167 _wBR9802754 |
|
| 909 |
_a202311 _bLúcia _c55 _dLúcia Elande |
||
| 942 |
_2AGRIS _n0 _cANA |
||
| 999 |
_c158088 _d158088 |
||